000 00913nam a2200229 a 4500
005 20140412111336.0
008 031017s19uu xx 00 eng d
020 _a0-02-661081-7
050 _aTR(GS 372.4
_bESL47 2000
050 _aTR(GS 372.4
_bA1 L.1(ES)
245 _aESL Supplement (orange) :
_blevel 1.
260 _aColumbus, Ohio :
_bSRA/McGraw-Hill,
_c2000.
300 _axxiv p. ; 363 p.
440 _aSRA: Open Court Reading
520 _aStudents who are learning to speak English as a Second Language (ESL) may need extra help with the Open Court Reading lessons. The ESL Supplement is a resource which teachers can use in providing extra help with English vocabulary and sentence structure.
650 _aReading--Study and teaching
650 _aWriting--Study and teaching
650 _aEnglish language--Study and Teaching
999 _c105027
_d105027